000 01031nam a2200277Ia 4500
003 OSt
005 20221005110005.0
006 a|||||r|||| 00| 0
007 ta
008 221004b |||||||| |||| 00| 0 urd d
020 _a8126025541 (hbk)
_c625
024 _a92272
037 _b534, 19/03/2009, Vani Prakashan
_cTextual
040 _aCRL
_cCRL
_burd
041 _2urd
_aurd
082 _aO168,1L97w, 152P8
100 _aवर्मा, पवन कुमार
245 0 _aग़ालिब और उनका युग
246 _aग़ālib aur unakā yuga
260 _aनई दिल्ली
_bसाहित्य अकादेमी भारत
_c2008
300 _a238पृ0
_ccm.
650 _aउर्दू साहित्य
700 _a जै़दी, निशात
942 _hO168,1L97w, 152P8
_cTEXL
_2cc
999 _c1017450
_d1017450